Central Library OPAC University of Rajshahi

Profitable small business computing / (Record no. 16725)

MARC details
000 -LEADER
fixed length control field 00866nam a2200277 a 4500
001 - CONTROL NUMBER
control field 16725
003 - CONTROL NUMBER IDENTIFIER
rucl marc code BD-RjUL
005 - DATE AND TIME OF LATEST TRANSACTION
control field 20211209000037.0
008 - FIXED-LENGTH DATA ELEMENTS--GENERAL INFORMATION
fixed length control field 140215s1982 maua b 001 0 eng
020 ## - INTERNATIONAL STANDARD BOOK NUMBER
International Standard Book Number 0316327115
International Standard Book Number 0316327107 (pbk.)
035 ## - SYSTEM CONTROL NUMBER
System control number (BD-RjUL)16780
040 ## - CATALOGING SOURCE
Original cataloging agency DLC
Transcribing agency DLC
Modifying agency DLC
-- BD-RjUL
Language of cataloging eng
041 ## - LANGUAGE CODE
Language code of text/sound track or separate title eng
082 00 - DEWEY DECIMAL CLASSIFICATION NUMBER
Classification number 004.0285
Edition number 23
Author mark and year GRP 1982
100 1# - MAIN ENTRY--PERSONAL NAME
Personal name Greenwood, Frank.
9 (RLIN) 51663
245 10 - TITLE STATEMENT
Title Profitable small business computing /
Statement of responsibility, etc. Frank Greenwood.
260 ## - PUBLICATION, DISTRIBUTION, ETC. (IMPRINT)
Place of publication, distribution, etc. Boston :
Name of publisher, distributor, etc. Little, Brown,
Date of publication, distribution, etc. c1982.
300 ## - PHYSICAL DESCRIPTION
Pagination viii, 168 p. :
Illustrations ill. ;
Size 24 cm.
504 ## - BIBLIOGRAPHY, ETC. NOTE
Bibliography, etc Includes bibliographical references and index.
650 #0 - SUBJECT ADDED ENTRY--TOPICAL TERM
Topical term or geographic name as entry element Business
General subdivision Data processing.
9 (RLIN) 51665
Topical term or geographic name as entry element Electronic digital computers.
9 (RLIN) 51666
942 ## - ADDED ENTRY ELEMENTS (KOHA)
Source of classification or shelving scheme Dewey Decimal Classification
Koha item type Books
Holdings
Lost status Source of classification or shelving scheme Damaged status Not for loan Collection code Permanent Location Current Location Shelving location Date acquired Source of acquisition Cost, normal purchase price Total Checkouts Full call number Date last seen Copy number Koha item type
  Dewey Decimal Classification     Non-fiction Central Library, University of Rajshahi Central Library, University of Rajshahi   13/11/1992 Asia Foundation. 0.00   004.0285 GRP 1982 15/02/2014 C-2 Books
  Dewey Decimal Classification     Non-fiction Central Library, University of Rajshahi Central Library, University of Rajshahi   16/04/1985 Asia foundation     004.0285 GRP 1982 02/11/2016 C-3 Books
  Dewey Decimal Classification   Not For Loan Non-fiction Central Library, University of Rajshahi Central Library, University of Rajshahi Reading Room 16/04/1985 Asia Foundation , U.S.A.     004.0285 GRP 1982 19/11/2019 C-1 Books
  Dewey Decimal Classification     Non-fiction Central Library, University of Rajshahi Central Library, University of Rajshahi   16/04/1985 Asia Foundation , U.S.A.     004.0285 GRP 1982 19/11/2019 C-4 Books
  Dewey Decimal Classification     Non-fiction Central Library, University of Rajshahi Central Library, University of Rajshahi   16/04/1985 Asia Foundation , U.S.A.     004.0285 GRP 1982 19/11/2019 C-5 Books
  Dewey Decimal Classification     Non-fiction Central Library, University of Rajshahi Central Library, University of Rajshahi   18/08/1991 Asia Foundation , U.S.A.     004.0285 GRP 1982 19/11/2019 C-6 Books
  Dewey Decimal Classification     Non-fiction Central Library, University of Rajshahi Central Library, University of Rajshahi   20/07/1987 Asia Foundation , U.S.A.     004.0285 GRP 1982 19/11/2019 C-7 Books